[Event "Czech Open G1 Rapid 2013"]
[Site "Pardubice CZE"]
[Date "2013.07.18"]
[Round "7.62"]
[White "Kolesar,Mil"]
[Black "Mindl,J"]
[Result "1-0"]
[WhiteElo "2141"]
[BlackElo "2069"]

1.Nf3 Nf6 2.c4 g6 3.g3 Bg7 4.Bg2 O-O 5.d4 d6 6.O-O Nc6 7.Nc3 a6 8.d5 Na5
9.Nd2 c5 10.Rb1 Rb8 11.b3 b5 12.Bb2 e5 13.dxe6 Bxe6 14.cxb5 axb5 15.Nde4 Nxe4
16.Nxe4 Bxb2 17.Rxb2 Nb7 18.Rd2 d5 19.Nc3 d4 20.Nxb5 Qa5 21.Bxb7 Rxb7 22.Nd6 Rb6
23.Ne4 Qa8 24.f3 Rc8 25.Qa1 Bd5 26.Nf2 h5 27.Rc1 Qa5 28.Rxd4 Ba8 29.Rdc4 Re6
30.Qb2 Bd5 31.b4 Qa6 32.Rxc5 Rxc5 33.Rxc5 Rxe2 34.Rc8+ Qxc8 35.Qxe2 Qc1+
36.Kg2 Qc3 37.Ne4 Kg7 38.Nxc3  1-0

[Event "7th LCT 2013"]
[Site "Leiden NED"]
[Date "2013.07.19"]
[Round "7.15"]
[White "Chevannes,S"]
[Black "Van der Velden,B"]
[Result "1/2-1/2"]
[WhiteElo "2136"]
[BlackElo "2177"]

1.c4 Nf6 2.Nf3 g6 3.g3 Bg7 4.Bg2 O-O 5.O-O d6 6.d4 Nbd7 7.Nc3 e5 8.e4 exd4
9.Nxd4 Re8 10.h3 a6 11.Be3 Rb8 12.b3 c5 13.Nde2 b5 14.Qxd6 Qa5 15.cxb5 axb5
16.a3 Bf8 17.Qd2 Bb7 18.Rfd1 Bc6 19.Qc2 Qa8 20.f3 Bg7 21.Ra2 Qb7 22.b4 cxb4
23.axb4 Nb6 24.Nd4 Rbc8 25.Qe2 Nc4 26.Bf2 Nh5 27.Nxc6 Bxc3 28.Rc2 Bg7 29.Nd4 f5
30.Kh2 Qb8 31.Qe1 fxe4 32.fxe4 Rf8 33.Nf3 Rce8 34.Re2 Ne5 35.Nd4 Nc4 36.Nf3 Ne5  1/2-1/2

[Event "28th Avoine Open"]
[Site "Avoine FRA"]
[Date "2013.07.22"]
[Round "3.1"]
[White "Jianu,V"]
[Black "Dieu,B"]
[Result "1-0"]
[WhiteElo "2560"]
[BlackElo "2253"]

1.Nf3 Nf6 2.c4 g6 3.g3 Bg7 4.Bg2 O-O 5.O-O d6 6.d4 Nbd7 7.Nc3 c6 8.h3 Re8
9.e4 e5 10.Be3 exd4 11.Nxd4 Nc5 12.Qc2 a5 13.Rfe1 Bd7 14.Rad1 Qc7 15.f4 Re7
16.Bf2 h5 17.Re2 Rae8 18.Rde1 Bc8 19.b3 Nfd7 20.Rd1 Na6 21.a3 Ndc5 22.Red2 Qb6
23.Rb1 Qc7 24.b4 axb4 25.axb4 Ne6 26.Nde2 Nf8 27.b5 Nc5 28.Rbd1 Nxe4 29.b6 Qb8
30.Bxe4 Rxe4 31.Nxe4 Bf5 32.N2c3 Bxc3 33.Qxc3 Rxe4 34.Rxd6 Ne6 35.Qf6 Qe8  1-0

[Event "ch-AUT 2013"]
[Site "Feldkirch AUT"]
[Date "2013.07.23"]
[Round "4.11"]
[White "Srienz,C"]
[Black "Gstach,Jakob"]
[Result "1/2-1/2"]
[WhiteElo "2328"]
[BlackElo "2140"]

1.Nf3 Nf6 2.c4 g6 3.g3 Bg7 4.Bg2 O-O 5.Nc3 d6 6.O-O e5 7.d3 Nc6 8.b3 Bf5
9.Bb2 Qd7 10.d4 Nxd4 11.Nxd4 exd4 12.Nd5 Nxd5 13.cxd5 d3 14.Bxg7 dxe2 15.Qxe2 Kxg7
16.Rac1 Rfe8 17.Qc4 Re7 18.Qd4+ Kg8 19.Rc4 h5 20.Qc3 Rc8 21.Ra4 a6 22.Rc1 Bh3
23.Rb4 Bxg2 24.Kxg2 Rb8 25.Rc4 Rc8 26.Rb4 Rb8 27.Rc4 Rc8  1/2-1/2

[Event "VIII Vladimir Dvorkovich Open"]
[Site "Taganrog RUS"]
[Date "2013.07.23"]
[Round "2.6"]
[White "Khlian,E"]
[Black "Esipenko,Andrey"]
[Result "1/2-1/2"]
[WhiteElo "2419"]
[BlackElo "2203"]

1.Nf3 Nf6 2.c4 g6 3.g3 Bg7 4.Bg2 O-O 5.O-O d6 6.d4 Nbd7 7.Qc2 e5 8.Rd1 Qe7
9.Nc3 c6 10.e4 exd4 11.Nxd4 Re8 12.b3 Nc5 13.f3 Nfd7 14.Rb1 a5 15.Nce2 Ne5
16.h3 h5 17.a3 a4 18.b4 Ne6 19.f4 Nxd4 20.Nxd4 Nd7 21.Bb2 Nf8 22.Re1 Bd7
23.Nf3 Bxb2 24.Qxb2 Rad8 25.Rbd1 Be6 26.Bf1 f5 27.Qc2 Qf7 28.Nd4 Kg7 29.Kh2 Bd7
30.Nf3 Be6 31.Rd2 Qe7 32.Re3 Ra8 33.Red3 Red8 34.Re3 Bf7 35.Qc3+ Kg8  1/2-1/2

[Event "15th TCh-Eur Senior"]
[Site "Dresden GER"]
[Date "2013.07.26"]
[Round "7"]
[White "Liebert,H"]
[Black "Westerinen,H"]
[Result "1/2-1/2"]
[WhiteElo "2224"]
[BlackElo "2286"]

1.c4 Nf6 2.Nf3 g6 3.g3 Bg7 4.Bg2 O-O 5.O-O d6 6.d4 Nc6 7.Nc3 a6 8.Qd3 Bf5
9.e4 Bg4 10.d5 Bxf3 11.Qxf3 Nd4 12.Qd1 c5 13.dxc6 Nxc6 14.Be3 Rc8 15.Qe2 Na5
16.b3 b5 17.Rac1 Nd7 18.Nd5 e6 19.Nf4 bxc4 20.b4 Nc6 21.Qxc4  1/2-1/2

[Event "III Brazil Maringa Open"]
[Site "Maringa BRA"]
[Date "2013.07.26"]
[Round "4.22"]
[White "Serafim Junior,Arnor"]
[Black "Souza Neves,A"]
[Result "1-0"]
[WhiteElo "1851"]
[BlackElo "2172"]

1.c4 Nf6 2.Nf3 g6 3.g3 Bg7 4.Bg2 O-O 5.O-O d6 6.Nc3 Nc6 7.d3 e5 8.Rb1 a5
9.a3 h6 10.b4 axb4 11.axb4 Be6 12.b5 Ne7 13.Bb2 Qd7 14.Ra1 Bh3 15.Qb3 Bxg2
16.Kxg2 Nh5 17.e3 Kh7 18.Rxa8 Rxa8 19.d4 exd4 20.exd4 Nf4+ 21.Kh1 Qh3 22.Rg1 Nd3
23.Ne4 Nxb2 24.Neg5+  1-0

[Event "Sparkassen Open A 2013"]
[Site "Dortmund GER"]
[Date "2013.07.28"]
[Round "2.23"]
[White "Noordhoek,H"]
[Black "Meyes,Richard"]
[Result "1/2-1/2"]
[WhiteElo "2090"]
[BlackElo "1808"]

1.Nf3 Nf6 2.g3 g6 3.Bg2 Bg7 4.c4 O-O 5.d4 d6 6.Nc3 c6 7.e4 Qa5 8.O-O Be6
9.d5 Bg4 10.h3 Bxf3 11.Qxf3 Nbd7 12.Qe2 Rfc8 13.Bd2 Qd8 14.dxc6 bxc6 15.Rac1 Rab8
16.b3 Nc5 17.f4 Nfd7 18.Kh2 Ne6 19.Be3 Nd4 20.Qf2 c5 21.h4 h5 22.Bh3 Rc6
23.Kh1 f5 24.exf5 gxf5 25.Bxd4 cxd4 26.Na4 e6 27.Qf3 Rc7 28.Qxh5 Nf6 29.Qe2 Ne4
30.Kh2 Rbc8 31.Nb2 d5 32.Rc2 Qd6 33.Rfc1 Nc3 34.Qd3 Nxa2 35.Re1 Nb4 36.Qe2 Nxc2
37.Qxc2 Kf7 38.Qe2 Rh8 39.Nd3 dxc4 40.bxc4 Bf6 41.c5 Qe7  1/2-1/2

[Event "Politiken Cup 2013"]
[Site "Helsingor DEN"]
[Date "2013.07.29"]
[Round "4.60"]
[White "Molin,C"]
[Black "Molvig,H"]
[Result "0-1"]
[WhiteElo "1982"]
[BlackElo "2167"]

1.Nf3 Nf6 2.c4 g6 3.g3 Bg7 4.Bg2 O-O 5.O-O d6 6.d4 Nbd7 7.Nc3 e5 8.Qc2 c6
9.Rd1 Qe7 10.b3 exd4 11.Nxd4 a5 12.Bb2 Nc5 13.a3 Ne6 14.Ne4 Nxe4 15.Bxe4 Ng5
16.Bg2 Nh3+ 17.Kf1 Qf6 18.f3 c5 19.Nb5 Qxb2 20.Qxb2 Bxb2 21.Ra2 Bg7 22.Nxd6 Ng5  0-1

[Event "Politiken Cup 2013"]
[Site "Helsingor DEN"]
[Date "2013.07.30"]
[Round "5.1"]
[White "Maze,S"]
[Black "Cheparinov,I"]
[Result "0-1"]
[WhiteElo "2547"]
[BlackElo "2678"]

1.Nf3 Nf6 2.g3 g6 3.Bg2 Bg7 4.c4 O-O 5.O-O d5 6.cxd5 Nxd5 7.d4 Nb6 8.Nc3 Nc6
9.d5 Na5 10.e4 c6 11.Bf4 cxd5 12.Nxd5 Bg4 13.Bc7 Qd7 14.Bxb6 axb6 15.Nxb6 Qxd1
16.Rfxd1 Ra6 17.Nd5 Nc6 18.h3 Bxf3 19.Bxf3 e6 20.Be2 Ra5 21.Ne3 Bxb2 22.Rab1 Bd4
23.Nc2 Bc5 24.Bc4 Ra4 25.Bb3 Rxe4 26.Ne1 Rd4 27.Nf3 Rxd1+ 28.Rxd1 Rd8 29.Rc1 b6
30.Kg2 h6 31.h4 Kg7 32.Re1 Nb4 33.Bc4 Rc8 34.Re4 Nd5 35.Bb3 Rd8 36.Ne5 Nf6
37.Re2 Nd5 38.Nf3 Ne7 39.Ne5 Nf5 40.Nf3 Rd3 41.Re4 Rd8 42.Ra4 Rd7 43.Bc2 Rc7
44.Bb3 Rd7 45.Ra8 Ne7 46.Ra4 Nc6 47.Re4 Rd6 48.Rf4 f5 49.Ra4 e5 50.h5 g5
51.g4 e4  0-1

[Event "I Vecindario GM"]
[Site "Vecindario ESP"]
[Date "2013.08.03"]
[Round "4.4"]
[White "Gutierrez Olivares,D"]
[Black "Alvarado Diaz,A"]
[Result "0-1"]
[WhiteElo "2366"]
[BlackElo "2313"]

1.Nf3 Nf6 2.g3 g6 3.Bg2 Bg7 4.c4 O-O 5.O-O d6 6.Nc3 c6 7.d3 Qa5 8.h3 d5 9.e4 dxc4
10.dxc4 Be6 11.Qe2 Qa6 12.Nd2 Nfd7 13.Nd1 Nb6 14.Ne3 N8d7 15.Rd1 Ne5 16.Bf1 Rad8
17.Nb3 Bxc4 18.Nxc4 Qxc4 19.Rxd8 Rxd8 20.Na5 Qb4 21.Nxb7 Rb8 22.a3 Qb5 23.Qxb5 cxb5
24.Na5 Nbc4 25.Bxc4 Nxc4 26.Nc6 Rb7 27.Rb1 Rc7 28.Nb4 Rd7 29.Nd5 e6 30.Ne3 Rd3
31.Kf1 Rb3 32.Nd1 a5 33.Ra1 a4 34.Ra2 h5 35.h4 Bd4 36.Ke1 f5 37.exf5 gxf5
38.Ke2 Kf7 39.Ke1 e5  0-1

[Event "Arad Open 2013"]
[Site "Arad ROU"]
[Date "2013.08.05"]
[Round "4.1"]
[White "Abramovic,B"]
[Black "Sedlak,N"]
[Result "1/2-1/2"]
[WhiteElo "2429"]
[BlackElo "2586"]

1.c4 Nf6 2.Nf3 g6 3.g3 Bg7 4.Bg2 O-O 5.O-O d5 6.cxd5 Nxd5 7.Nc3 Nb6 8.d4 Nc6
9.e3 a5 10.Na4 Nxa4 11.Qxa4 e5 12.dxe5 Nxe5 13.Nxe5 Bxe5 14.Rd1 Qe7 15.h3 c6
16.Qc2 a4 17.Rb1 Be6 18.b3 axb3 19.axb3 Rfd8 20.Bd2 h5 21.Be1 Rxd1 22.Rxd1 Qa3
23.Rb1 Bf5 24.e4 Be6 25.f4 Bd4+ 26.Kh1 Qa2 27.Qxa2 Rxa2 28.b4 b6 29.Rc1 c5
30.bxc5 bxc5 31.Bc3 Bb3 32.Bxd4 cxd4 33.Rc8+ Kg7 34.Rd8 Rd2 35.Kg1 d3 36.e5 Bc4
37.Bd5 Bb5 38.Bf3 Rb2 39.g4 hxg4 40.hxg4 d2 41.f5 gxf5 42.gxf5 Ba4 43.e6 f6
44.e7 Kf7 45.e8=Q+ Bxe8 46.Bh5+  1/2-1/2

[Event "100th ch-GBR 2013"]
[Site "Torquay ENG"]
[Date "2013.08.05"]
[Round "7.44"]
[White "Richardson,A"]
[Black "Thompson,Robert"]
[Result "1/2-1/2"]
[WhiteElo "2149"]
[BlackElo "1978"]

1.c4 Nf6 2.Nf3 g6 3.g3 Bg7 4.Bg2 O-O 5.O-O d6 6.Nc3 Nc6 7.d4 Rb8 8.b3 a6
9.Bb2 b5 10.cxb5 axb5 11.Rc1 Bd7 12.Ne1 Na5 13.Nd3 c6 14.Qd2 Ne8 15.e3 Nc7
16.Rfd1 Na6 17.Ne2 Qb6 18.Bc3 b4 19.Ba1 Rfd8 20.Nb2 c5 21.Nf4 e6 22.Bf1 Bb5
23.h4 Bxf1 24.Kxf1 Qb5+ 25.Qe2 Qb7 26.Kg1 cxd4 27.exd4 d5 28.Na4 Rbc8 29.Nd3 Qb5
30.Qd2 Nb7  1/2-1/2

[Event "Arad Open 2013"]
[Site "Arad ROU"]
[Date "2013.08.06"]
[Round "6.13"]
[White "Bogdan,Dan"]
[Black "Ratiu,C"]
[Result "1-0"]
[WhiteElo "2365"]
[BlackElo "1998"]

1.c4 Nf6 2.g3 g6 3.Bg2 Bg7 4.Nf3 O-O 5.O-O d6 6.d4 c6 7.h3 Qa5 8.Nc3 Be6
9.Qd3 Qa6 10.b3 d5 11.Ne5 Rd8 12.Rd1 dxc4 13.Nxc4 Nd5 14.Nxd5 Bxd5 15.Bb2 Bxg2
16.Kxg2 b5 17.Na3 Nd7 18.Rac1 Rac8 19.e4 Nf8 20.Qf3 Ne6 21.e5 Qb6 22.Nc2 a5
23.Ne3 Nxd4 24.Bxd4 Rxd4 25.Nd5 Qa7 26.Rxd4 Re8 27.Rd3 cxd5 28.Qxd5 b4 29.e6 f5
30.Rc5 f4 31.Rxa5 Qb8 32.g4 f3+ 33.Rxf3 Rd8 34.Qe4  1-0

[Event "Stockholm Open 2013"]
[Site "Stockholm SWE"]
[Date "2013.08.07"]
[Round "5.2"]
[White "Karlsson,L"]
[Black "Ask,J"]
[Result "1/2-1/2"]
[WhiteElo "2411"]
[BlackElo "2158"]

1.Nf3 Nf6 2.g3 g6 3.Bg2 Bg7 4.c4 O-O 5.Nc3 d6 6.O-O e5 7.d4 Nbd7 8.h3 c6
9.d5 c5 10.Ne1 Ne8 11.e4 f5 12.exf5 gxf5 13.f4 exf4 14.gxf4 Bxc3 15.bxc3 Ng7
16.Nf3 h6 17.a4 Nf6 18.Qd3  1/2-1/2

[Event "Arad Open 2013"]
[Site "Arad ROU"]
[Date "2013.08.08"]
[Round "8.10"]
[White "Abramovic,B"]
[Black "Chircu,V"]
[Result "1-0"]
[WhiteElo "2429"]
[BlackElo "2198"]

1.Nf3 Nf6 2.c4 g6 3.g3 Bg7 4.Bg2 O-O 5.O-O d6 6.Nc3 e5 7.d4 Nbd7 8.e4 c6
9.h3 Qa5 10.Re1 Re8 11.Be3 exd4 12.Nxd4 Nc5 13.Nb3 Nxb3 14.axb3 Qc7 15.Bf4 Re5
16.Bxe5 dxe5 17.c5 Bf8 18.b4 Be6 19.Qa4 a6 20.Red1 Re8 21.Qc2 h5 22.Na4 h4
23.Nb6 hxg3 24.fxg3 Nh5 25.Rd3 Qe7 26.Rad1 a5 27.bxa5 Qxc5+ 28.Qxc5 Bxc5+
29.Kh2 Be7 30.Bf3 Nf6 31.b3 Kg7 32.Kg2 g5 33.Nc4 Rh8 34.g4 Bb4 35.Rd8 Rxd8
36.Rxd8 Nd7 37.Be2 Nc5 38.Nxe5 Bxa5 39.Ra8 Bc7 40.Nf3 Bf4 41.Bc4 Nxb3 42.Bxe6 fxe6
43.Ra7 Nc5 44.e5 Kf8 45.h4 gxh4 46.Nxh4 Ke8 47.Nf3 Nd7 48.Rxb7 Nxe5 49.Nd4 Be3
50.Nxe6 c5 51.Kg3 c4 52.Rb5 Nd7 53.Ng7+ Kd8 54.Kf3 Bd2 55.Ke2 Bc3 56.Nf5 Kc7
57.Rb1 Kc6 58.g5 Ne5 59.Rg1 Ng6 60.Ne3 Bd4 61.Rg4 Kc5 62.Re4 Ne5 63.Nc2 Bb2
64.Rf4 Ng6 65.Rf5+ Kd6 66.Rb5 Nf4+ 67.Kf3 Nd3 68.Ke4 Bc3 69.Ne3 Kc6 70.Rb8 Kc7
71.Rb1 Bd2 72.Nxc4 Nc5+ 73.Kf5  1-0

[Event "FSFMA1 August 2013"]
[Site "Budapest HUN"]
[Date "2013.08.12"]
[Round "9.2"]
[White "Krstulovic,Alex"]
[Black "Mayer,I"]
[Result "0-1"]
[WhiteElo "1981"]
[BlackElo "2038"]

1.Nf3 Nf6 2.c4 g6 3.g3 Bg7 4.Bg2 O-O 5.O-O c6 6.d4 d5 7.cxd5 Nxd5 8.e4 Nc7
9.Nc3 b5 10.Be3 a5 11.Qc2 a4 12.Rfd1 Qe8 13.Rac1 Nba6 14.h3 h6 15.Qd2 Kh7
16.Qe2 Be6 17.d5 Bd7 18.Bd4 e5 19.dxe6 Bxe6 20.Bxg7 Kxg7 21.Rd6 c5 22.Rcd1 b4
23.Nxa4 Qxa4  0-1

[Event "21st Poznan Open"]
[Site "Poznan POL"]
[Date "2013.08.14"]
[Round "9.4"]
[White "Urban,K"]
[Black "Szelag,M"]
[Result "1-0"]
[WhiteElo "2449"]
[BlackElo "2488"]

1.Nf3 Nf6 2.c4 g6 3.g3 Bg7 4.Bg2 O-O 5.O-O d6 6.d4 Nc6 7.Nc3 a6 8.d5 Na5
9.b3 Rb8 10.Bg5 h6 11.Bd2 c5 12.dxc6 Nxc6 13.Rc1 Be6 14.Ne1 d5 15.Bf4 dxc4
16.Bxb8 Qxb8 17.bxc4 Bxc4 18.Qa4 b5 19.Qxa6 Nd4 20.Nc2 Nd7 21.Nxd4 Bxd4 22.Bd5 Nc5
23.Qxg6+ Bg7 24.Bxc4 bxc4 25.Qg4 Rc8 26.Nd5 Kf8 27.Rb1 Nb3 28.axb3 c3 29.Nb6  1-0

[Event "22nd ZMDI Open 2013"]
[Site "Dresden GER"]
[Date "2013.08.15"]
[Round "6.31"]
[White "Faldum,Manfred"]
[Black "Hansch,Ka"]
[Result "0-1"]
[WhiteElo "1886"]
[BlackElo "2141"]

1.Nf3 Nf6 2.g3 g6 3.Bg2 Bg7 4.c4 O-O 5.O-O d6 6.Nc3 c5 7.Rb1 Nc6 8.Ne1 Be6
9.d3 Qd7 10.Bh1 Rab8 11.Nc2 Rfc8 12.b4 cxb4 13.Nxb4 Nxb4 14.Rxb4 d5 15.Bf4 Ra8
16.Qb1 b6 17.Be5 Rd8 18.Bxf6 Bxf6 19.Nxd5 Bd4 20.Rb3 Rac8 21.Rc1 Bf5 22.Qc2 Bg7
23.Qd2 h5 24.Rb5 e6 25.Nc3 Rxc4 26.Rd5 exd5 27.dxc4 dxc4 28.Qxd7 Rxd7 29.Nd5 b5
30.e4 Be6 31.f3 c3 32.Nxc3 Rd3 33.Nxb5 Rxf3 34.Nxa7 Ra3 35.Nc6 Rxa2 36.Rd1 Rc2
37.Nb4  0-1

[Event "29th Metropolitan IM"]
[Site "Los Angeles USA"]
[Date "2013.08.16"]
[Round "4"]
[White "Kudryavtsev,V"]
[Black "Remlinger,L"]
[Result "0-1"]
[WhiteElo "2145"]
[BlackElo "2302"]

1.Nf3 Nf6 2.c4 g6 3.g3 Bg7 4.Bg2 O-O 5.O-O d6 6.d4 Nbd7 7.Nc3 e5 8.e4 c6
9.Be3 Re8 10.d5 cxd5 11.cxd5 a6 12.Nd2 Rf8 13.Nc4 Qc7 14.Qe2 b5 15.Nd2 Qb8
16.b4 Nb6 17.f3 Nh5 18.Qf2 Nc4 19.Nxc4 bxc4 20.Rab1 Bd7 21.a4 f5 22.Qe2 f4
23.Bf2 fxg3 24.hxg3 Bh6 25.Rb2 Qc8 26.Rfb1 g5 27.b5 axb5 28.axb5 Ra3 29.Rc2 g4
30.b6 Rb3 31.Rf1 Kh8 32.Kh2 Rg8 33.fxg4 Bxg4 34.Bf3 Nf6 35.Rh1 Bxf3 36.Qxf3 Ng4+
37.Kg1 Rf8 38.Qg2 Rxf2 39.Rxf2 Be3 40.Nd1 Rb1  0-1

[Event "22nd ZMDI Open 2013"]
[Site "Dresden GER"]
[Date "2013.08.17"]
[Round "8.7"]
[White "Prohaszka,P2"]
[Black "Dann,M"]
[Result "1/2-1/2"]
[WhiteElo "2567"]
[BlackElo "2434"]

1.Nf3 Nf6 2.c4 g6 3.g3 Bg7 4.Bg2 O-O 5.O-O d6 6.d4 Nc6 7.Nc3 a6 8.Bf4 Bf5
9.Rc1 Ne4 10.Nxe4 Bxe4 11.d5 Nb8 12.Qd2 c5 13.Bh6 Bxf3 14.Bxf3 Bxh6 15.Qxh6 Nd7
16.h4 Ne5 17.h5 Qd7 18.Kg2 Qf5 19.Qe3 g5 20.Be4 Qf6 21.f4 gxf4 22.Qxf4 Qxf4
23.gxf4 Ng4 24.Kg3 Nh6 25.Rg1 b5 26.Kf3+ Kh8 27.Bd3 Rfb8 28.Rc2 b4 29.Rcc1 Rg8
30.e4 f6 31.Bc2 a5 32.Ba4 f5 33.Rxg8+ Rxg8 34.e5 Ng4 35.exd6 exd6 36.Rh1 b3
37.axb3 Nf6 38.b4 Ne4 39.bxa5 Rg3+ 40.Ke2 Rg2+ 41.Ke3 Rg3+ 42.Ke2 Rg2+ 43.Ke3 Rg3+  1/2-1/2

[Event "ch-ESP w 2013"]
[Site "Linares ESP"]
[Date "2013.08.19"]
[Round "1.5"]
[White "Aranaz Murillo,A"]
[Black "Ordonez Torres,M"]
[Result "1-0"]
[WhiteElo "2246"]
[BlackElo "1994"]

1.Nf3 Nf6 2.c4 g6 3.g3 Bg7 4.Bg2 O-O 5.O-O d6 6.d4 Nc6 7.Nc3 a6 8.d5 Na5
9.b3 Rb8 10.Bg5 c5 11.dxc6 Nxc6 12.Rc1 Bf5 13.Qd2 Qd7 14.Rfd1 Rfd8 15.Qe1 h6
16.Bf4 g5 17.Be3 Qe8 18.Nd4 Bg6 19.h3 Nh5 20.Nd5 Rdc8 21.g4 Nf6 22.Nb6 Rd8
23.Nf3 Nd7 24.h4 Nde5 25.Nh2 f6 26.Qd2 Nf7 27.f3 gxh4 28.Bf2 f5 29.gxf5 Bxf5
30.e4 Bg6 31.f4 Bh5 32.Bf3 Bxf3 33.Nxf3 h3 34.Kh1 Nh8 35.Rg1 Qh5 36.Rg3 e5
37.Rcg1 Kf8 38.Qe2 Bf6 39.Rg8+  1-0

[Event "88th ch-FRA 2013"]
[Site "Nancy FRA"]
[Date "2013.08.19"]
[Round "8.1"]
[White "Apicella,M"]
[Black "Hamdouchi,H"]
[Result "0-1"]
[WhiteElo "2512"]
[BlackElo "2613"]

1.c4 Nf6 2.Nf3 g6 3.g3 Bg7 4.Bg2 O-O 5.Nc3 c6 6.e4 d5 7.cxd5 cxd5 8.e5 Ne4
9.O-O Nc6 10.d4 Nxc3 11.bxc3 Na5 12.Bf4 h6 13.Nd2 b6 14.Qe2 Be6 15.h3 Rc8
16.Rfc1 Qd7 17.g4 f6 18.exf6 exf6 19.Nf1 f5 20.g5 hxg5 21.Bxg5 f4 22.Qf3 Rf5
23.h4 Rcf8 24.Re1 Bf6 25.Bxf6 R5xf6 26.Re5 Nc6 27.Rg5 Kg7 28.Re1 Rh8 29.h5 Rh6
30.Nh2 Qc8 31.Ng4 Rxh5 32.Nxf6 Rxg5 33.Qxf4 Rf5 34.Ne8+ Qxe8 35.Qd6 Kf7 36.c4 Qd7
37.Qh2 Kg7 38.Re3 Rh5 39.Qg3 Nxd4 40.Re5 dxc4  0-1

[Event "3rd Budapest Open"]
[Site "Budapest HUN"]
[Date "2013.08.22"]
[Round "6.8"]
[White "Gubics,P"]
[Black "Bartuszek,Andras"]
[Result "0-1"]
[WhiteElo "2113"]
[BlackElo "1844"]

1.Nf3 Nf6 2.c4 g6 3.g3 Bg7 4.Bg2 O-O 5.O-O c6 6.d3 d5 7.Qb3 Nbd7 8.Nc3 Nc5
9.Qa3 Ne6 10.e4 d4 11.Ne2 Nd7 12.Bd2 b6 13.e5 Bb7 14.Nf4 Nxf4 15.Bxf4 Nc5
16.Bd2 a5 17.Rfe1 Qd7 18.Bf4 Ne6 19.Bh3 h6 20.c5 Qd5 21.Bxe6 fxe6 22.Re4 g5
23.Kg2 gxf4 24.Rxd4 Qxc5 25.Qxc5 bxc5 26.Rd7 Ba6 27.g4 Rad8 28.Rxe7 Rxd3
29.Rc1 Rfd8 30.Rxc5 Rd1 31.Nh4 Bf8 32.Ng6 Bxe7 33.Nxe7+ Kf7 34.Nxc6 Bb7 35.Kh3 Rc8
36.Nxa5 Rxc5 37.Nxb7 Rxe5 38.b4 Kg6 39.Nc5 Rxc5  0-1

[Event "12th Lichtenberger Sommer"]
[Site "Berlin GER"]
[Date "2013.08.23"]
[Round "7.77"]
[White "Kuckel,A"]
[Black "Kohlmeyer,D"]
[Result "0-1"]
[WhiteElo "1937"]
[BlackElo "1892"]

1.c4 Nf6 2.Nf3 g6 3.g3 Bg7 4.Bg2 O-O 5.d4 d5 6.cxd5 Nxd5 7.O-O Nc6 8.Re1 Nb6
9.e3 e5 10.dxe5 Nxe5 11.Nxe5 Bxe5 12.Qe2 c6 13.Nd2 Be6 14.Rd1 Qe7 15.Nf3 Bg7
16.Nd4 Bc4 17.Qc2 Rad8 18.b3 Ba6 19.Bb2 h5 20.a4 Rfe8 21.Rd2 h4 22.Rad1 Nd5
23.Nf3 hxg3 24.hxg3 Nb4 25.Qb1 Rxd2 26.Rxd2 Bxb2 27.Qxb2 c5 28.Qc3 b6 29.Ne1 Rd8
30.Bf3 Rxd2 31.Qxd2 Qf6 32.Kg2 Kg7 33.Be4 Qe5 34.f3 Qe6 35.Qc3+ f6 36.g4 Kf7
37.Kf2 Qd6 38.f4 Qe6 39.Bf3 Qd6 40.Kg3 g5 41.Ng2 Qd3 42.Qb2 Qc2 43.Bd5+ Ke7
44.Qxc2 Nxc2 45.Kf3 Bf1 46.Kf2 Bxg2 47.Bxg2 Kd6 48.Bf1 Kd5 49.Bc4+ Ke4 50.fxg5 fxg5
51.Be6 Nxe3 52.Kg3 Nd5 53.Bf7 Nc7 54.Bg6+ Ke3 55.Bf7 a6 56.Bg6 Ne6 57.Be8 Nd4
58.Bf7 Kd2 59.Kf2 Kc3 60.Ke3 Nxb3 61.Ke4 Nd4 62.Ke5 b5 63.Kf6 bxa4 64.Kxg5 a3
65.Kf6 Nb3 66.g5 a2 67.g6 a1=Q 68.g7 Kb4+ 69.Kg6 Qxg7+  0-1

[Event "12th Lichtenberger Sommer"]
[Site "Berlin GER"]
[Date "2013.08.25"]
[Round "9.72"]
[White "Kuckel,A"]
[Black "Weiss,Daniel"]
[Result "1-0"]
[WhiteElo "1937"]
[BlackElo "1758"]

1.c4 Nf6 2.Nf3 g6 3.g3 Bg7 4.Bg2 O-O 5.d4 d6 6.O-O Nc6 7.Nc3 e5 8.d5 Ne7
9.h3 c5 10.Qc2 Bd7 11.a3 Qc8 12.Kh2 b5 13.cxb5 Nfxd5 14.Ng5 Nxc3 15.Bxa8 Qxa8
16.bxc3 Bxb5 17.Ne4 Qc6 18.c4 Ba6 19.Rb1 f5 20.Ng5 Bb7 21.f3 d5 22.cxd5 Nxd5
23.Ne6 Rc8 24.Nxg7 Kxg7 25.Qb2 Rc7 26.Qxe5+ Kg8 27.Rd1 Re7 28.Qb8+ Kf7 29.Rb2 Nc3
30.Re1 c4 31.Qh8 Na4 32.Qxh7+ Ke8 33.Qg8+ Kd7 34.Rd1+  1-0

[Event "Brasschaat Open 2013"]
[Site "Brasschaat BEL"]
[Date "2013.08.25"]
[Round "9.4"]
[White "Izsak,Gyu"]
[Black "Sadikhov,U"]
[Result "1-0"]
[WhiteElo "2452"]
[BlackElo "2233"]

1.Nf3 Nf6 2.c4 g6 3.g3 Bg7 4.Bg2 O-O 5.d4 d6 6.Nc3 Nbd7 7.O-O e5 8.h3 Re8
9.e4 exd4 10.Nxd4 Nc5 11.Re1 Bd7 12.Bf4 Ne6 13.Be3 h6 14.f4 Nxd4 15.Bxd4 Be6
16.Qd3 Nd7 17.b3 Ne5 18.Qd2 c5 19.Be3 Nc6 20.Rad1 a6 21.Ne2 f5 22.exf5 gxf5
23.Bf2 Bf8 24.Nc3 Qf6 25.Bf3 Bg7 26.Re3 Bf7 27.Nd5 Qb2 28.Qxb2 Bxb2 29.Rxe8+ Rxe8
30.Ne3 Nd4 31.Bxb7 a5 32.Kf1 Re7 33.Bd5 Ra7 34.Rb1 Bc3 35.Bxf7+ Kxf7 36.Nd5 Bb4
37.Bxd4 cxd4 38.Ke2 h5 39.Kd3 Bc5 40.Re1 Rb7 41.Re2 Ra7 42.g4 hxg4 43.hxg4 fxg4
44.f5 Rb7 45.Rg2 a4 46.bxa4 Ra7 47.Rxg4 Rxa4 48.f6 Rxa2 49.Rg7+ Kf8 50.Nf4 Ra7
51.Ne6+ Ke8 52.Nxc5 Ra3+ 53.Kxd4 dxc5+ 54.Kxc5 Ra6 55.f7+ Kf8 56.Rh7 Ra5+
57.Kb6 Ra4 58.c5 Rb4+ 59.Kc7 Rc4 60.c6 Rc1 61.Kb7 Rb1+ 62.Kc8 Rc1 63.c7 Rb1
64.Rh5  1-0

[Event "74th ch-ARM 1st League"]
[Site "Yerevan ARM"]
[Date "2013.08.25"]
[Round "5.2"]
[White "Gabuzyan,H"]
[Black "Grigoryan,K2"]
[Result "1/2-1/2"]
[WhiteElo "2540"]
[BlackElo "2550"]

1.c4 Nf6 2.Nf3 g6 3.g3 Bg7 4.Bg2 O-O 5.O-O c5 6.d4 cxd4 7.Nxd4 d5 8.cxd5 Nxd5
9.Nc3 Nxc3 10.bxc3 Qc7 11.Rb1 a6 12.Qb3 Nd7 13.Ba3 Ne5 14.Qb4 Re8 15.Rfd1 Nd7
16.c4 e5 17.Nc2 e4 18.Ne3 Nf6 19.Nd5 Nxd5 20.cxd5 e3 21.fxe3 Rxe3 22.d6 Qd7
23.Bb2 Bxb2 24.Rxb2 Qe8 25.Bd5 Re5 26.Qf4 Rf5 27.Qd4 Qe5 28.e4 Qxd4+ 29.Rxd4 Re5
30.d7 Bxd7 31.Bxb7 Rd8 32.Bxa6 Kf8 33.Rb7 Ke8 34.Bc4 Be6 35.Bb5+ Rxb5 36.Rxd8+ Kxd8
37.Rxb5 Bxa2 38.g4 Ke7 39.g5 Kf8 40.Kf2 Kg7 41.Ke3 Bc4 42.Rb4 Be6 43.Kd4 Ba2
44.Ke5 Be6 45.Kd6 Ba2 46.Ke7 Be6 47.Rb8 Bc4 48.Rf8 Be6 49.Rb8 Bc4 50.Rd8 Bb3
51.Rb8 Bc4 52.Rb2 Be6 53.Rf2 Bc4 54.Rd2 Bb3 55.Kd6 Bc4 56.Kc5 Bb3 57.Kb4 Be6
58.Rd6 Ba2 59.Ra6 Bb1 60.e5 Bf5 61.Kc5 Kf8 62.Kd5 Bh3 63.Rf6 Ke7 64.Rb6 Kf8
65.Kd4 Bf5 66.Rf6 Bh3 67.Ke3 Bd7 68.Kd4 Bh3 69.Kc5 Bg4 70.Rb6 Bh3 71.Kd4 Bg4
72.Kc5 Bh3 73.Rd6 Bg4 74.Kd4 Bh3 75.Ke3 Kg7 76.Kf4 Bf5 77.Kg3 Bc8 78.h3 Bf5
79.h4 Bc8 80.Kf4 Bh3 81.Ke3 Bg4 82.Kd4 Kf8 83.Kc4 Bh3 84.Kc5 Bg4 85.Kb6 Bh3
86.Kc7 Bg4 87.Rd8+ Kg7 88.Re8 Bh3 89.Kd6 Bg4 90.Kc7 Bh3 91.Kd8 Bg4 92.Re7 Kf8
93.Re8+ Kg7 94.Kc7 Bh3  1/2-1/2

[Event "ch-ESP Rapid 2013"]
[Site "Linares ESP"]
[Date "2013.08.26"]
[Round "4.3"]
[White "Recuero Guerra,D"]
[Black "Miton,K"]
[Result "0-1"]
[WhiteElo "2454"]
[BlackElo "2609"]

1.Nf3 Nf6 2.c4 g6 3.g3 Bg7 4.Bg2 O-O 5.O-O d6 6.Nc3 Nc6 7.d3 e5 8.Rb1 a5
9.a3 Re8 10.Bg5 h6 11.Bxf6 Bxf6 12.b4 axb4 13.axb4 Bg7 14.b5 Ne7 15.Nd2 e4
16.Qc2 e3 17.fxe3 Nf5 18.Rxf5 Bxf5 19.Bxb7 Rxe3 20.Nf1 Bxc3 21.Qxc3 Rxe2
22.Bf3 Rea2 23.Bxa8 Qxa8 24.Rb2 Rxb2 25.Qxb2 Bxd3 26.Ne3 Qf3 27.Qf2 Qa8 28.Qf6 Qa7
29.Kf2 Bxc4 30.Kf3 Be6 31.h4 h5 32.Qg5 Qc5 33.Qxc5 dxc5 34.Ke4 Kf8 35.Nd5 Bxd5+
36.Kxd5 Ke7 37.Kxc5 Kd7 38.Kd5 f6 39.Kc5 Ke7 40.Kc6 Kd8 41.Kd5 Kd7 42.Kc5 g5
43.Kd5 g4 44.Kc5 f5 45.Kd5 f4 46.Kc5  0-1

[Event "ch-ESP Rapid 2013"]
[Site "Linares ESP"]
[Date "2013.08.27"]
[Round "8.12"]
[White "Recuero Guerra,D"]
[Black "Navarrete Espi,S"]
[Result "1-0"]
[WhiteElo "2454"]
[BlackElo "2214"]

1.Nf3 Nf6 2.c4 g6 3.g3 Bg7 4.Bg2 O-O 5.O-O d6 6.Nc3 c6 7.d3 Qa5 8.h3 Qh5
9.Ng5 h6 10.Bf3 hxg5 11.Bxh5 Nxh5 12.Kg2 g4 13.hxg4 Bxg4 14.f3 Be6 15.Bg5 Nd7
16.Bxe7 Rfe8 17.Bxd6 c5 18.Ne4 Rad8 19.Bc7 Ra8 20.Ba5 Be5 21.Bc3 Rad8 22.Bxe5 Nxe5
23.Qc1 Bf5 24.Nxc5 Rc8 25.Ne4 Bxe4 26.fxe4 Ng4 27.Qg5 Ne5 28.Rh1 f6 29.Qh6 Rc7
30.Raf1 Rg7 31.Qe3 b6 32.Rh4 Ree7 33.g4 Nf4+ 34.Qxf4 g5 35.Rh8+ Kxh8 36.Qxf6 Ng6
37.e3 Nh4+ 38.Kg3 Kg8 39.e5 Ng6 40.d4 Rxe5 41.dxe5 Nh4  1-0

[Event "15th Sants Open 2013"]
[Site "Barcelona ESP"]
[Date "2013.08.28"]
[Round "6.4"]
[White "Bruzon Batista,L"]
[Black "Gascon,Jose Rafael"]
[Result "1-0"]
[WhiteElo "2698"]
[BlackElo "2268"]

1.Nf3 Nf6 2.c4 g6 3.g3 Bg7 4.Bg2 O-O 5.d4 d6 6.O-O Nc6 7.Nc3 a6 8.Bf4 Rb8
9.Rc1 b5 10.Nd5 bxc4 11.Nxf6+ Bxf6 12.Rxc4 Bd7 13.Qc1 Na7 14.b3 c6 15.Rd1 Qb6
16.Bg5 Bxg5 17.Qxg5 f6 18.Qh6 Be6 19.Ra4 Nb5 20.Qd2 Bd5 21.Ne1 Bxg2 22.Nxg2 e5
23.d5 cxd5 24.Qxd5+ Kh8 25.Rc4 Rbc8 26.Rdc1 Rxc4 27.Rxc4 Kg7 28.Ne3 Rf7 29.Rc8 Nc7
30.Qd2 Qc6 31.Ng4 g5 32.Ne3 Qd7 33.Rb8 d5 34.g4 h5 35.h3 Kh7 36.Qc2+ e4 37.Rb7 hxg4
38.hxg4 Kg6 39.Nf5 Rh7 40.Qc5 Qc8 41.Rb6 Qh8 42.Ng3 Qd8 43.Rd6 Qe7 44.Nh5 Rf7
45.Qc6 e3 46.Qc2+ Kh6 47.Ng3 exf2+ 48.Kxf2 Qe5 49.Rd8 f5 50.Nxf5+ Kh7 51.Kg1 Nb5
52.Qc6 Qf6 53.Qe8  1-0